[Event "11th Mumbai Mayors Cup 2018"]
[Site "Mumbai"]
[Date "2018.06.09"]
[Round "9"]
[White "Srija, Seshadri"]
[Black "Sandipan, Chanda"]
[Result "0-1"]
[WhiteElo "2207"]
[BlackElo "2571"]
[Annotator "TA"]
[PlyCount "102"]
[EventDate "2018.??.??"]
[EventType "swiss"]
[EventCountry "IND"]
[SourceTitle "playchess.com"]
[Source "ChessBase"]
[SourceQuality "1"]

{[%evp 15,102,44,33,0,39,31,36,41,45,18,22,7,15,9,10,-66,-14,-13,2,-12,-12,-18,-21,-55,-20,-83,-80,-77,-42,-47,-46,-188,-203,-223,-223,-192,-195,-256,-254,-315,-223,-344,-214,-223,-223,-214,-218,-230,-225,-223,-222,-277,-223,-223,-223,-223,-219,-251,-251,-224,-200,-345,-345,-345,-328,-420,-417,-700,-699,-687,-683,-850,-847,-764,-809,-2008,-1190,-1895,-1604,-1970,-1820,-1550,-1768,-2434,-4737,-29978,-29979,-29973,-6211]} 1. e4 g6 2. d4 Bg7 3. Nc3 c6 4. f4 d5 5. e5 Nh6 6. Nf3 f6 7. Be2 Bg4 8. Be3 Nd7 {LiveBook: 8 Partien. B15: Caro-Kann (Flohr-Variante)} 9. O-O Nf5 $146 ({Vorgänger:} 9... O-O 10. h3 Nf5 11. Bf2 Bxf3 12. Bxf3 fxe5 13. dxe5 e6 14. Ne2 c5 15. c4 d4 16. b4 {0-1 (33) Mekhitarian,K (2555)-Matsuura,F (2321) Florianopolis 2016}) 10. Bf2 Bxf3 {Weiß steht etwas besser.} 11. Bxf3 fxe5 12. fxe5 e6 13. Kh1 O-O 14. Ne2 Bh6 15. c4 (15. Ng3 $11) 15... Nb6 (15... dxc4 $15 16. Ng3 Nxg3+ 17. Bxg3 Nb6) 16. cxd5 $1 $11 cxd5 17. Ng3 Nxg3+ 18. Bxg3 Nc4 $36 {[%mdl 2048] Weiss muss nun ...Se3 beachten. Schwarz hat Druck.} 19. Qe2 Qb6 {Und ...Se3 würde nun gewinnen.} 20. Rfd1 {[#]} (20. Bg4 $11 {bleibt in der Remisbreite.}) 20... Rac8 $1 $17 21. Rd3 Rf7 22. Bg4 Rc6 23. b3 {[#]} (23. Rb1 $15) 23... Ne3 $1 $19 {[%mdl 512] Und weiter mit ...Tc2 wäre nett.} 24. Bf3 {[#]} (24. Rxe3 Qxd4) 24... Nc2 $1 {[%cal Rc2a1]} 25. Rf1 Nxd4 26. Qb2 (26. Qf2 $142 Nf5 27. Qxb6 Nxg3+ 28. hxg3 axb6 29. Re1) 26... Nxf3 27. gxf3 Qc5 28. Rf2 (28. f4 $142) 28... Qc1+ 29. Qxc1 Rxc1+ 30. Kg2 Rfc7 31. f4 Bf8 32. Re2 Bb4 33. Rf3 R7c2 34. Rxc2 Rxc2+ {[%mdl 4096] Endspiel KTL-KTL} 35. Rf2 Rc1 36. Kf3 Rc3+ 37. Ke2 Bc5 38. Rf3 (38. Rg2 {kämpft weiter.}) 38... Rc2+ 39. Kd1 Rxa2 40. Rc3 b6 {[%cal Bb7b6,Bb6b5,Bb5a4][%mdl 32]} 41. Rc2 (41. Rf3 $142) 41... Rxc2 42. Kxc2 {KL-KL} a5 43. Kd3 b5 44. Be1 a4 45. bxa4 bxa4 46. Bh4 Kf7 47. Be1 Ke8 48. Kc3 Kd7 49. Bg3 Kc6 50. Bh4 Kb5 51. Bg3 Bb4+ {Precision: Weiß = 26%, Schwarz = 72%.} 0-1

[Event "11th Mumbai Mayors Cup 2018"]
[Site "Mumbai"]
[Date "2018.06.09"]
[Round "9"]
[White "Bharath Subramaniyam H"]
[Black "Karthikeyan, P.."]
[Result "0-1"]
[WhiteElo "2196"]
[BlackElo "2456"]
[Annotator "TA"]
[PlyCount "104"]
[EventDate "2018.??.??"]
[EventType "swiss"]
[EventCountry "IND"]
[SourceTitle "playchess.com"]
[Source "ChessBase"]
[SourceQuality "1"]

{[%evp 19,103,80,92,4,21,0,0,4,12,-7,36,41,50,54,37,47,51,43,193,0,0,0,25,-15,0,0,17,-42,-56,-115,-41,-116,-114,-106,-58,-85,-95,-87,42,61,96,68,209,212,203,-162,-155,-179,-151,-147,-142,-219,-227,-212,-225,-431,-379,-361,-384,-693,-665,-650,-639,-1275,-589,-576,-576,-29964,-29958,-29987,-29988,-29988,-29989,-29990,-29991,-29994,-29995,-29995,-29995,-29995,-29996,-29997,-29998,-29998,-29999,-29999]} 1. e4 c5 2. Nc3 a6 3. f4 b5 4. Nf3 Bb7 5. d3 e6 6. g3 Nf6 7. Bg2 d5 {B23: Sizilianisch (Geschlossenes System)} (7... d6 8. O-O Be7 9. a4 b4 10. Ne2 c4 11. b3 cxd3 12. cxd3 O-O 13. h3 Nc6 14. g4 Nd7 15. g5 {1-0 (51) Duda,J (2717)-Fedorchuk,S (2648) Katowice 2017}) 8. e5 d4 9. exf6 dxc3 10. bxc3 Qxf6 {LiveBook: 3 Partien} 11. Bd2 (11. O-O $1 $16) 11... Bd6 $11 12. O-O O-O $1 13. Qe2 $146 ({Vorgänger:} 13. a4 Qe7 14. Qe2 Nd7 15. Rfb1 Bc6 16. Ne5 Bxg2 17. Qxg2 Bxe5 18. fxe5 bxa4 19. Qe4 Qd8 20. Qc4 Nb6 {0-1 (20) Atako,C (2181)-Meijers,V (2483) Liverpool 2007}) 13... Nd7 14. Rae1 Nb6 15. Ng5 Bxg2 16. Qxg2 ({Viel schwächer wäre} 16. Kxg2 Qf5 $11) 16... Qd8 17. f5 exf5 $1 18. Rxf5 Qd7 (18... f6 $1 $14 19. Ne4 c4) 19. Ref1 $2 ({Der einzige Zug:} 19. Qh3 $18 {[%csl Gg5][%cal Rh3h7]} h6 20. Ne4) 19... f6 20. Ne4 Qe6 21. Qf2 Be7 22. Nxc5 Qxa2 23. Ne4 (23. Be3 $11) 23... Nd7 $15 24. Rh5 (24. Qd4 $15 Ne5 25. Bf4) 24... g6 (24... Ne5 $1 $17 25. d4 g6) 25. Rh3 ({Günstiger ist} 25. Rh4 $1 $15) 25... Qe6 $17 26. Qg2 f5 27. Ng5 Bxg5 $1 28. Bxg5 a5 ({Besser ist} 28... Ne5 $17) 29. Bh6 $1 $14 Rfe8 {[#]} 30. g4 $1 {[%cal Rg4f5][%mdl 512] Und weiter mit gxf5 wäre nett.} fxg4 (30... Ra6 $14) 31. Re3 $18 Ne5 {Droht ...Sf3+ und aus.} 32. Kh1 $4 {[%mdl 8192]} (32. Rfe1 $1 $18 {nur so kann Weiss gewinnen.} Nf3+ 33. Qxf3 gxf3 34. Rxe6 Rxe6 35. Rxe6) 32... Qc6 $1 $19 33. Re4 a4 $36 {[%mdl 2048] Und ...a3 würde nun gewinnen. Weiss steht unter starkem Druck.} ({Nicht} 33... Qxc3 34. d4 $16) 34. d4 Nf3 $1 35. Rxg4 (35. d5 $17 Qc5 36. Qe2 Rxe4 37. Qxe4) 35... a3 36. d5 Qxc3 {Weiss muss nun ...Te1 beachten.} 37. Rxg6+ $2 (37. Rg3 {war die einzige Chance.} a2 38. Rgxf3) 37... hxg6 38. Qxg6+ Kh8 {[#]} 39. Qh5 $2 (39. Bd2 $1 {[%mdl 512]} Qg7 (39... Qxd2 40. Qf6+) 40. Qh5+ Kg8 41. d6) 39... Qe5 $1 {[%cal Re5h5]} 40. Bg5+ Kg8 41. Rxf3 {[#] Droht Matt per Df7+.} Qg7 ({Und nicht} 41... Qe1+ 42. Kg2 $11) (41... Re7 $142 $1 {[%mdl 512] ...a2 ist eine echte Drohung.} 42. Qg4 (42. Bxe7 Qxh5) 42... Rg7) 42. Rg3 {[#]} Re5 $1 43. Qh4 a2 {Schwarz setzt Matt.} 44. Bc1 Re1+ 45. Kg2 a1=Q 46. Rxg7+ Qxg7+ 47. Kh3 Rxc1 48. Qf4 Ra3+ 49. Kh4 Ra4 50. Qxa4 bxa4 51. d6 Rg1 {[%cal Rg7h8]} 52. d7 Qg4# {Precision: Weiß = 32%, Schwarz = 46%.} (52... Qh6# $142) 0-1

[Event "11th Mumbai Mayors Cup 2018"]
[Site "Mumbai"]
[Date "2018.06.09"]
[Round "9"]
[White "Surendran N"]
[Black "Deepan Chakkravarthy J."]
[Result "0-1"]
[WhiteElo "2114"]
[BlackElo "2531"]
[Annotator "TA"]
[PlyCount "62"]
[EventDate "2018.??.??"]
[EventType "swiss"]
[EventCountry "IND"]
[SourceTitle "playchess.com"]
[Source "ChessBase"]
[SourceQuality "1"]

{[%evp 21,62,0,20,11,0,13,8,0,0,0,20,2,0,7,14,0,0,0,0,0,26,-44,-48,-64,-58,-40,-48,-117,-117,-165,-164,-221,-204,-202,-11,-128,-122,-122,-2,-147,-147,-263,-147]} 1. d4 Nf6 2. Nf3 g6 3. g3 Bg7 4. c4 O-O 5. Bg2 c5 6. d5 e6 7. O-O exd5 8. cxd5 d6 9. Nc3 Re8 10. Nd2 Nbd7 11. h3 {A62: Modern Benoni: Fianchetto Variation without early ...Nbd7} b6 {[%cal Bb7b6,Bb6b5][%mdl 32] LiveBook: 6 Games} (11... a6 12. a4 Rb8 13. Nc4 Ne5 14. Na3 Nh5 15. Bd2 Bd7 16. Rb1 f5 17. b4 Qc7 18. bxc5 Qxc5 19. Qb3 Nxg3 20. Rfc1 Nf7 21. e3 Bxc3 22. fxg3 Bxd2 23. Rxc5 Bxe3+ {0-1 (79) Grachev,B (2654)-Morozevich,A (2676) Sochi 2017}) 12. Nc4 (12. Nb5 {is interesting.} Bf8 13. a4 a6 14. Nc3 Rb8 15. Nc4) 12... Ne5 13. Nxe5 {The position is equal.} Rxe5 14. Bf4 Re8 15. Qd2 $146 ({Predecessor:} 15. Re1 Nh5 16. Bd2 Rb8 17. a4 a6 18. g4 Nf6 {1-0 (47) Ozcan,B (1681)-Merkesvik,S (1902) Prague 2012}) 15... Ba6 16. Rfe1 b5 17. a3 Qb6 18. e4 Nd7 {[%cal Bf6d7,Bd7e5,Be5d3][%mdl 32]} 19. Be3 Ne5 20. b3 Qb7 21. f4 (21. Reb1 $11) 21... Nd3 $15 22. Red1 c4 23. Rab1 {Threatens to win with bxc4.} Qc7 24. b4 (24. Qc2 $15) 24... f5 $17 25. Kh2 Qd7 26. Bg1 (26. Qc2 {is a better defense.}) 26... Bxc3 27. Qxc3 Rxe4 $2 (27... fxe4 $19 28. Qd4 Qg7 29. Qxg7+ Kxg7) 28. Rxd3 (28. Bxe4 $11 {remains equal.} fxe4 29. Rf1) 28... cxd3 29. Qxd3 Rae8 ({Black should try} 29... Rc4 $17 {next ...Rac8 is good for Black.} 30. Re1 Bb7) 30. Bd4 (30. Bxe4 $11 fxe4 31. Qd4) 30... Re2 31. Ba1 {[#]} (31. Bc3 $17 h6 32. Rb2) 31... h5 {Precision: White = 27%, Black = 52%.} (31... Qc7 $1 $19 {[%cal Rc7c4]} 32. Qd4 {[#]} Rxg2+ $1 {[%mdl 512]} 33. Kh1 Re7 34. Qh8+ Kf7 35. Qxh7+ Ke8 36. Qxg6+ Kd8) 0-1

[Event "11th Mumbai Mayors Cup 2018"]
[Site "Mumbai"]
[Date "2018.06.09"]
[Round "9"]
[White "Kiran, Manisha Mohanty"]
[Black "Erigaisi Arjun"]
[Result "1-0"]
[WhiteElo "2043"]
[BlackElo "2505"]
[Annotator "TA"]
[PlyCount "89"]
[EventDate "2018.??.??"]
[EventType "swiss"]
[EventCountry "IND"]
[SourceTitle "playchess.com"]
[Source "ChessBase"]
[SourceQuality "1"]

{[%evp 21,89,-9,-9,-19,-16,-20,0,-20,-20,-20,-16,-20,-20,-19,20,0,0,0,13,13,10,-8,7,-19,5,0,15,10,0,-29,-27,-37,-28,-31,-16,-22,0,0,77,-100,-109,-100,-97,-106,-80,-105,-95,-85,-70,-98,-86,-88,-92,-67,254,239,1206,1122,1101,1005,29962,29965,29965,29966,29965,29964,29962,-1043,29961,29962]} 1. e4 e6 2. d4 d5 3. e5 c5 4. c3 Qb6 5. Nf3 Nc6 6. a3 c4 7. g3 Bd7 8. Nbd2 Na5 9. h4 Ne7 {[%cal Bg8e7,Be7c8,Bc8b6,Bb6a4][%mdl 32]} 10. Bh3 {C02: Französische Verteidigung (Vorstoßvariante)} Qc7 (10... h6 11. h5 Nc8 12. O-O Qc7 13. Ne1 Nb6 14. Qe2 O-O-O 15. Ng2 Be7 16. Rb1 Rdg8 17. f4 g6 {0-1 (43) Svidler,P (2749)-Andreikin,D (2715) Moscow 2012}) 11. O-O Nc8 {LiveBook: 8 Partien} 12. Re1 {Die Stellung ist ausgeglichen.} Nb6 13. Qe2 $146 ({Vorgänger:} 13. Nf1 Nb3 14. Rb1 Nxc1 15. Qxc1 O-O-O 16. Ng5 Be8 17. f4 h6 {½-½ (36) Hofbauer,M (2334)-Staudner,O (2392) Austria 2005}) 13... Na4 14. Ng5 {Dh5 ist eine echte Drohung.} h6 $1 {[%cal Rh6g5]} 15. Ngf3 $1 {[%cal Bg5f3,Bf3h2,Bh2f1,Bf1e3][%mdl 32]} (15. Nxf7 $2 Kxf7 16. Qh5+ Kg8 $19) 15... O-O-O 16. h5 Be7 17. Nh2 b5 18. Nhf1 Kb7 19. Ne3 Rde8 20. Qg4 {Mit der Idee Sxd5!} Bc8 21. Bg2 (21. Qxg7 Bg5 $17) 21... a6 22. Qf3 Bg5 23. Rb1 Ka7 24. Qd1 g6 25. f4 Bd8 26. hxg6 fxg6 27. Qc2 Qf7 28. b3 cxb3 29. Nxb3 h5 (29... Nxb3 $11 30. Rxb3 (30. Qxb3 Ba5 $11) 30... h5) 30. Nc5 $2 (30. c4 $1 $16 {hält den Druck.}) 30... Nxc5 $17 31. dxc5 {Schwarz sollte a4 verhindern.} h4 {[%cal Bh5h4,Bh4g3][%mdl 32]} 32. a4 hxg3 {zielt auf ...Le7 ab.} 33. axb5 Qxf4 {Weiss muss nun ...Dh4 beachten.} (33... axb5 $6 34. Nf1 $11) 34. Rf1 Qh4 {[%csl Gg3,Gh8][%cal Rh4h2]} (34... Qxe5 35. Qa4 $14) 35. Rf7+ $1 Re7 36. Qxg6 Rxf7 $40 {[%mdl 128] Schwarz geht auf den König.} 37. Qxf7+ Be7 $2 {[%mdl 8192] [#]} (37... Qe7 $1 $15 {behält die Oberhand.} 38. b6+ Kb8) 38. Nf5 $1 $18 {[%cal Rf5h4][%mdl 512]} exf5 $2 (38... Rh7 39. Qxe7+ Qxe7 40. Nxe7 Rxe7) 39. Qxd5 {[%csl Gg2][%cal Rd5a8]} Bb7 40. c6 {jetzt Le3+ und aus.} Rd8 {[#]} 41. Be3+ $1 ({Aber nicht} 41. b6+ $2 Ka8 $19) 41... Kb8 42. bxa6 {[%cal Bb5a6,Ba6a7][%mdl 32]} ({Vergiftet wäre} 42. Ba7+ $2 Kxa7 43. b6+ Ka8 $19) 42... Rxd5 43. a7+ Ka8 44. cxb7+ Nxb7 45. Bxd5 {Precision: Weiß = 59%, Schwarz = 47%.} 1-0

[Event "11th Mumbai Mayors Cup 2018"]
[Site "Mumbai"]
[Date "2018.06.10"]
[Round "10"]
[White "Rozum, Ivan"]
[Black "Nguyen, Van Huy"]
[Result "0-1"]
[WhiteElo "2581"]
[BlackElo "2451"]
[Annotator "TA"]
[PlyCount "112"]
[EventDate "2018.??.??"]
[EventType "swiss"]
[EventCountry "IND"]
[SourceTitle "playchess.com"]
[Source "ChessBase"]
[SourceQuality "1"]

{[%evp 16,111,20,15,22,13,28,8,13,0,20,34,32,0,9,-116,-80,-90,42,46,31,0,0,0,0,-25,-25,-31,-25,-101,-124,-129,-112,-135,-191,-292,-272,-278,-272,-272,-222,-200,-77,-88,-99,-102,-60,-157,-157,-176,-41,-41,-41,-157,-157,-157,-157,-157,-157,-157,-145,-145,-145,-251,-202,-200,-191,-342,-279,-619,-611,-559,-550,-609,-592,-29951,-12831,-7112,-7112,-549,-504,-6103,-6103,-1739,0,-397,-129,-319,-324,-5261,-5202,-29992,-29993,-29993,-520,-29994,-29995,-29999]} 1. c4 e6 2. Nc3 d5 3. e3 Nf6 4. Nf3 c5 5. cxd5 exd5 6. d4 a6 7. g3 {D40: Queen's Gambit Declined: Semi-Tarrasch with 5 e3} Nc6 8. Bg2 c4 9. Ne5 {LiveBook: 4 Games. The position is equal.} Bb4 10. Bd2 O-O 11. Nxc6 $146 ({Predecessor:} 11. O-O Re8 12. Nxc6 bxc6 13. b3 Bg4 14. Qc2 Bxc3 15. Bxc3 cxb3 16. axb3 {1-0 (47) Tomashevsky,E (2716)-Borisek,J (2561) Doha 2016}) 11... bxc6 12. b3 Qa5 13. Qc1 Bf5 14. bxc4 (14. O-O {is interesting.} Bd3 15. Rd1 Qa3 16. bxc4 Bxc4 17. Nb1) 14... dxc4 15. Bxc6 (15. a3 $11 Bxc3 16. Bxc3) 15... Rac8 16. a3 Rxc6 (16... Bxc3 $17 17. Bxc3 Qb6) 17. axb4 $14 Qxb4 18. d5 Rcc8 19. f3 Bd3 20. e4 Nd7 21. Kf2 $1 f5 {Strongly threatening ...fxe4.} 22. Kg2 ({But not} 22. Rxa6 fxe4 23. f4 Qb7 $17) (22. e5 $11 {remains equal.}) 22... fxe4 $17 23. Nxe4 Qb7 $1 {[%cal Rb7d5]} 24. Bc3 Nc5 (24... Be2 $17 25. Re1 (25. Qg5 $2 Bxf3+ 26. Kh3 Nc5 $19) 25... Bxf3+ 26. Kg1 Bxe4 27. Rxe4 Qxd5) 25. Nxc5 (25. Re1 $142 Nxe4 26. fxe4) 25... Rxc5 $19 26. Qe3 Rxd5 27. Kf2 Bg6 {And now ...Rd3 would win.} 28. Rhd1 Rd3 (28... Re8 $19 29. Qf4 Qb6+ 30. Bd4 Qb3) 29. Rxd3 $17 cxd3 ({Much weaker is} 29... Bxd3 $6 30. Qe6+ Kh8 31. f4 $11) 30. Ra5 h6 31. g4 (31. Rc5 $15) 31... Be4 $1 $36 {[%mdl 2048] Black is on the roll.} 32. f4 Qc7 (32... Bh1 $19 33. Ke1 Qb1+ 34. Kf2 Qc2+ 35. Bd2 Qc6) 33. Bd2 $15 Bb7 {White must now prevent ...Qc6.} 34. Rc5 {[#]} ({Better is} 34. Rf5 $15) 34... Rxf4+ $1 $17 {[%mdl 512]} 35. Ke1 (35. Qxf4 Qxc5+) 35... Qd6 36. Qxf4 Qxc5 37. Qb8+ Kh7 {[%cal Rc5g1]} 38. Qg3 Qd5 {Threatens to win with ...a5.} 39. h4 (39. g5 $17 {was worth a try.}) 39... Qe6+ 40. Kd1 Be4 {aiming for ...Qb3+.} 41. g5 $2 (41. Qf4 {only move.}) 41... h5 $19 42. Qh2 $2 (42. Qf4) 42... Bf3+ 43. Kc1 Qc4+ 44. Kb2 Bd5 45. Bf4 Qb3+ 46. Kc1 Qc3+ 47. Kb1 Qe1+ 48. Kb2 (48. Bc1 $142) 48... Qb4+ 49. Kc1 {[#]} Qe1+ $2 (49... Ba2 $1 {[%mdl 512] ( -> ...Qc3+)} 50. g6+ (50. Qxa2 Qxf4+) 50... Kxg6) 50. Kb2 Qe2+ $2 (50... Qa5 $19 {has better winning chances.} 51. Qd2 Qa2+ 52. Kc3 Qc4+ 53. Kb2 Be6) 51. Kc3 $2 (51. Qxe2 $17 {was the only defense.} dxe2 52. Bd2) 51... Qe4 {[#]} 52. Be5 $2 (52. g6+ $1 {[%mdl 512]} Kg8 (52... Qxg6 53. Qg3) 53. Kd2) 52... Qc4+ 53. Kb2 Qb4+ 54. Kc1 Qe1+ 55. Kb2 d2 {[%csl Gd2][%cal Re1c1]} 56. Qf4 Qc1# {Precision: White = 34%, Black = 59%.} 0-1

[Event "11th Mumbai Mayors Cup 2018"]
[Site "Mumbai"]
[Date "2018.06.10"]
[Round "10"]
[White "Sandipan, Chanda"]
[Black "Kulkarni, Vikramaditya"]
[Result "1-0"]
[WhiteElo "2571"]
[BlackElo "2323"]
[Annotator "TA"]
[PlyCount "53"]
[EventDate "2018.??.??"]
[EventType "swiss"]
[EventCountry "IND"]
[SourceTitle "playchess.com"]
[Source "ChessBase"]
[SourceQuality "1"]

{[%evp 13,53,35,40,35,87,64,56,54,56,68,46,51,65,56,71,75,100,91,91,97,94,103,106,97,158,144,233,237,253,231,400,412,641,653,641,612,957,950,967,958,29973,29966]} 1. d4 Nf6 2. c4 g6 3. Nc3 Bg7 4. e4 d6 5. Be2 O-O 6. Bg5 Na6 7. Nf3 h6 8. Be3 {E91: King's Indian: Classical: 6 Be2, unusual replies including 6...c5 and 6...Bg4} c6 (8... e5 $14) (8... e5 9. O-O Ng4 10. Bc1 c6 11. d5 f5 12. g3 f4 13. Nh4 g5 14. Bxg4 gxh4 15. gxf4 exf4 16. Kh1 Be5 17. Rg1 Kh7 18. Bd2 Qf6 19. Bh5 Rg8 20. Rxg8 Kxg8 21. Qf3 {1-0 (21) Sandipan,C (2566)-Bogdanovich,S (2564) Sanya City 2017}) 9. O-O e5 10. d5 {White is slightly better.} cxd5 $146 ({Predecessor:} 10... Ng4 11. Bd2 f5 12. a3 Nc5 13. exf5 gxf5 14. b4 Nd7 15. h3 Ngf6 {0-1 (58) Bitalzadeh,A (2409)-Jones,R (2388) Rogaska Slatina 2011}) 11. cxd5 Ng4 12. Bd2 f5 13. g3 Nf6 14. Nh4 $36 {[%mdl 2048] White has strong initiative.} Nxe4 15. Nxe4 ({Much weaker is} 15. Nxg6 $6 Rf6 $11) 15... fxe4 16. Nxg6 Rf6 17. Nh4 Bh3 18. Re1 Qb6 (18... Rxf2 $142 19. Bxa6 (19. Kxf2 Qb6+ 20. Be3 Rf8+ 21. Nf3 Qxb2 $14) 19... Rxd2 20. Qxd2 Qb6+ 21. Qe3 Qxa6) 19. Be3 $16 Qxb2 {[#]} (19... Nc5 $16 {is a better defense.}) 20. Bg4 $1 $18 {[%cal Rg4h3]} Bxg4 21. Qxg4 Raf8 $2 (21... h5 22. Qxh5 Raf8) 22. Rab1 Qxa2 (22... h5 $142) 23. Rxb7 {[%csl Gb7][%cal Rg4g7]} R8f7 24. Rxf7 Rxf7 25. Nf5 Rxf5 26. Qxf5 Nb4 27. Rc1 {Precision: White = 93%, Black = 41%.} 1-0

[Event "11th Mumbai Mayors Cup 2018"]
[Site "Mumbai"]
[Date "2018.06.10"]
[Round "10"]
[White "Tukhaev, Adam"]
[Black "Visakh N R"]
[Result "1-0"]
[WhiteElo "2557"]
[BlackElo "2467"]
[Annotator "TA"]
[PlyCount "83"]
[EventDate "2018.??.??"]
[EventType "swiss"]
[EventCountry "IND"]
[SourceTitle "playchess.com"]
[Source "ChessBase"]
[SourceQuality "1"]

{[%evp 24,83,30,27,24,15,15,-11,13,20,25,25,56,57,53,53,61,54,60,58,79,80,104,106,123,128,167,166,144,144,194,144,132,144,202,180,276,256,239,272,377,362,492,484,506,477,859,737,888,892,1024,1005,2237,2189,29984,2254,29985,29985,29989,29990,29990,29988]} 1. e4 e5 2. Nf3 Nc6 3. Bb5 a6 4. Ba4 Nf6 5. O-O Be7 6. d3 d6 7. c3 O-O 8. Nbd2 b5 9. Bc2 d5 10. Re1 {C77: Ruy Lopez: 3...a6 4 Ba4 Nf6, unusual lines} dxe4 (10... d4 11. Nb3 dxc3 12. bxc3 a5 13. a4 b4 14. Bd2 Bg4 15. h3 Bxf3 16. Qxf3 bxc3 17. Bxc3 Bb4 18. Bxb4 Nxb4 {½-½ (30) Anand,V (2776)-Svidler,P (2760) Moscow 2018}) 11. dxe4 Be6 12. a4 b4 13. Qe2 {LiveBook: 3 Games} Nd7 {[%cal Bf6d7,Bd7c5,Bc5b7,Bb7a5][%mdl 32]} 14. Nc4 {[%cal Bd2c4,Bc4e3,Be3d5][%mdl 32]} f6 {[#]} 15. a5 $146 ({Predecessor:} 15. Rd1 Bc5 16. Ne3 bxc3 17. bxc3 Na5 {½-½ (61) Libiszewski,F (2531)-Gavrilov,A (2501) Vaujany 2015}) 15... Nc5 16. Ne3 b3 17. Bb1 Qe8 18. Nd5 {Strongly threatening Be3.} Bd6 19. Be3 {aiming for Bxc5.} Nb7 $1 20. Nd2 Nbxa5 21. Bd3 f5 {...f4 is the strong threat.} 22. f3 {[%mdl 1024] White has strong compensation.} f4 23. Bf2 g5 24. c4 $36 {[%cal Bc3c4,Bc4c5][%mdl 2080] Threatens to win with c5. White is on the roll.} Rf7 25. c5 Bf8 26. Bxa6 Qb8 27. Rec1 Ra7 28. Ra4 Qa8 (28... h5 $16 {was necessary.} 29. Rca1 g4) 29. Bb5 $18 Nd4 (29... Nb7 {was worth a try.}) 30. Bxd4 exd4 {[#]} 31. c6 $1 ({And not} 31. Rxd4 c6 $14) 31... Qd8 32. Qd3 g4 33. Rca1 Qh4 34. Qxd4 g3 (34... Nxc6 $142 35. Bxc6 Rxa4 36. Bxa4 Bg7) 35. h3 Bxh3 36. gxh3 ({Wrong is} 36. Rxa5 $2 Bxg2 37. Kxg2 Qh2+ 38. Kf1 Rxa5 $19) 36... Qxh3 37. Nf1 Ra8 38. Rxa5 {White wants to mate with Ne7+!} Re8 39. Ra8 (39. Bc4 $142 Bg7 40. Nf6+ Kh8 41. Bxf7 g2 42. Nh2 Rb8 43. Rh5 Qxh5 44. Bxh5) 39... Re6 40. Bc4 {White mates.} Qh4 {[#]} 41. Rxf8+ $1 Rxf8 42. Nxf4 {Precision: White = 85%, Black = 21%.} 1-0

[Event "11th Mumbai Mayors Cup 2018"]
[Site "Mumbai"]
[Date "2018.06.10"]
[Round "10"]
[White "Deepan Chakkravarthy J"]
[Black "Kiran, Manisha Mohanty"]
[Result "1-0"]
[WhiteElo "2531"]
[BlackElo "2043"]
[Annotator "TA"]
[PlyCount "47"]
[EventDate "2018.??.??"]
[EventType "swiss"]
[EventCountry "IND"]
[SourceTitle "playchess.com"]
[Source "ChessBase"]
[SourceQuality "1"]

{[%evp 15,47,-2,0,-22,-9,-16,0,-79,-79,-72,-80,-77,-68,-74,-80,-64,-10,-27,-21,-30,-27,-49,-19,-60,-46,-66,107,95,100,115,106,135,380,357]} 1. c4 c5 2. Nf3 Nc6 3. Nc3 g6 4. d4 cxd4 5. Nxd4 Bg7 6. Nc2 d6 7. e4 Bxc3+ 8. bxc3 Nf6 {LiveBook: 25 Partien. B37: Sizilianisch (Maroczy-Aufbau)} 9. Bd3 (9. f3 Qc7 10. Ne3 Ne5 11. Be2 Be6 12. Qa4+ Qc6 13. Qb4 Rc8 14. Bd2 Nxc4 15. Nxc4 Bxc4 16. Bxc4 Qxc4 17. Qxb7 {½-½ (28) Zhao,X (2477)-Muzychuk,M (2544) Huaian 2017}) 9... Qa5 10. O-O O-O {Die Stellung ist ausgeglichen.} 11. f4 (11. Rb1 $11 {bleibt in der Remisbreite.}) 11... Qxc3 $146 ({Vorgänger:} 11... Be6 12. Qe1 a6 13. Nb4 Bxc4 14. Bxc4 Qc5+ 15. Kh1 Qxc4 16. e5 {½-½ (42) Dalinger,V (2271)-Rehak,M (2167) Bayern 2005}) 12. Qe2 Nd7 13. Bd2 Qg7 14. Qe3 Nc5 15. Be2 Nxe4 ({Lieber} 15... b6 $15) 16. Qxe4 $11 {[#] Droht stark De3.} Bf5 17. Qe3 {zielt auf Lc3 ab.} Bxc2 18. Bc3 f6 19. g4 e5 20. Bf3 exf4 $2 (20... Qd7 $15 {bleibt weiter vorne.} 21. Bd5+ Kg7) 21. Qe6+ $16 Kh8 22. Bxc6 $1 bxc6 23. Rxf4 {[#] Und Tc1 würde nun gewinnen.} Rae8 $2 (23... Rfe8 $16 {ist wohl besser.} 24. Qxd6 Kg8) 24. Rxf6 {Precision: Weiß = 78%, Schwarz = 47%.} 1-0

[Event "11th Mumbai Mayors Cup 2018"]
[Site "Mumbai"]
[Date "2018.06.10"]
[Round "10"]
[White "Pruijssers, Roeland"]
[Black "Amonatov, Farrukh"]
[Result "1/2-1/2"]
[WhiteElo "2514"]
[BlackElo "2605"]
[Annotator "TA"]
[PlyCount "50"]
[EventDate "2018.??.??"]
[EventType "swiss"]
[EventCountry "IND"]
[SourceTitle "playchess.com"]
[Source "ChessBase"]
[SourceQuality "1"]

{[%evp 29,50,-2,-2,-8,-2,-5,-3,-2,0,0,0,0,0,0,0,0,0,0,8,0,0,0,0]} 1. e4 e5 2. Nf3 Nc6 3. Nc3 Nf6 4. d4 exd4 5. Nxd4 Bb4 6. Nxc6 bxc6 7. Bd3 d5 8. exd5 cxd5 9. O-O O-O 10. Bg5 c6 11. Qf3 Bd6 12. Ne2 Bg4 {C47: Scotch Four Knights and Four Knights with 4 g3} (12... Be5 13. c3 Bg4 14. Bxf6 Bxf3 15. Bxd8 Bxe2 16. Bxe2 Rfxd8 17. Rac1 g6 18. Rfe1 Bf6 19. Bf3 a5 20. b3 {½-½ (43) Aravindh,C (2528)-Karthikeyan,M (2518) New Delhi 2016}) 13. Bxf6 Bxf3 14. Bxd8 Bxe2 15. Bxe2 Rfxd8 {LiveBook: 3 Games. The position is equal.} 16. Rfd1 Rab8 17. Rab1 $146 g6 18. g3 Be5 19. b4 Bc3 20. a3 a5 {[%cal Ra5b4]} 21. b5 cxb5 22. Rxb5 Rxb5 23. Bxb5 d4 24. a4 Kg7 25. Kg2 f5 1/2-1/2